| 000 | 00414nam a2200169 a 4500 | ||
|---|---|---|---|
| 005 | 20260313150208.0 | ||
| 008 | 260313s2001##################000#0#eng## | ||
| 020 |
_a9780743224444 _qpbk |
||
| 041 | _aeng | ||
| 082 | 0 | 4 |
_a641.813 _bSON |
| 100 | 1 | _aWorthington, Diane Rossen, | |
| 245 | 1 | 0 | _aWilliams-Sonoma Collection: Soup : |
| 260 | _c2001. | ||
| 300 | _a126 pages | ||
| 650 | 0 | _aCooking. | |
| 942 | _cENGLISH | ||
| 999 |
_c617701 _d617701 |
||